| 000 | 03541nam a22003257a 4500 | ||
|---|---|---|---|
| 001 | 288 | ||
| 003 | OSt | ||
| 005 | 20250528074017.0 | ||
| 008 | 250317b |||||||e |||| 00| 1 eng d | ||
| 040 | _bpor | ||
| 041 |
_heng _apor |
||
| 082 |
_a823 _bB869m |
||
| 100 | 1 |
_aBrontë, Emily, _d1818-1848 _9177 |
|
| 240 | _aWuthering Heights | ||
| 245 |
_aO morro dos ventos uivantes / _cBrontë, Emily ; Tradução de Marcia Heloisa e Ilustração de Luciana Vasconcelos |
||
| 260 |
_aRio de Janeiro _bDarkSide _c2021 |
||
| 300 |
_a410 p. _bil. |
||
| 520 | _aTurbulência, impetuosidade e misticismo. Originalmente publicado em 1847, O Morro dos Ventos Uivantes, de Emily Brontë, combina paixão e trevas de maneira surpreendente ― emoções que os leitores apaixonados pela DarkLove, marca da DarkSide® Books que revela as novas vozes femininas da literatura, conhecem bem. Um dos grandes romances das irmãs Brontë, este clássico que apresenta uma história fantasmagórica de obsessão, vingança e paixões intensas ganha agora uma edição limitada com uma nova capa. Na trama, o órfão Heathcliff é acolhido ainda criança pela família Earnshaw e apaixona-se pela pequena Catherine. O afeto, embora correspondido, transforma-se num amor impossível. Tal vínculo devastador é envolto por uma atmosfera sombria e um teor dramático e audaz que consolidaram Emily Brontë como uma das rainhas da literatura inglesa. Publicado sob o pseudônimo Ellis Bell, O Morro dos Ventos Uivantes não foi bem recebido pela crítica; sua atmosfera lúgubre e estrutura inovadora chocaram a sociedade da época, e os temas impactantes eram sensíveis à moral vitoriana. Por muito tempo pensou-se que o livro havia sido escrito por um homem, até que, em 1850, passou a ser publicado com o nome verdadeiro da autora. História vertiginosa, O Morro dos Ventos Uivantes cativa pela complexidade de seus personagens. Todos são humanos e passionais, e tão fascinantes que ultrapassaram as barreiras do tempo e permanecem na memória de leitores em todo o mundo. Único romance escrito por Emily Brontë, esta obra-prima concentra toda a perspicácia, imaginação e autenticidade da autora em uma narrativa hipnotizante. A edição limitada traz uma capa nova, mas mantem o conteúdo que já apaixonou muitos darksiders: as ilustrações de Luciana Vasconcelos, a tradução de Marcia Heloisa e uma seleção de extras para aprofundar ainda mais a experiência da leitura: introdução DarkSide, dois prefácios de Charlotte Brontë, trechos biográficos de Emily assinados por Elizabeth Gaskell, um ensaio que Emily escreveu em francês, linha do tempo, resenhas da época e uma mini biografia poética da autora. DarkLove Classics DarkLove Classics é uma marca que reúne histórias inovadoras escritas por mulheres à frente de seu tempo: vozes do passado que abriram caminho para autoras no presente. Os títulos mais amados da literatura clássica agora têm lugar reservado na DarkSide® Books, em uma homenagem aos corações românticos e valentes que nos trouxeram até aqui. A força da escrita feminina, onde tudo começou. Mulheres eternas, clássicas e imortais. | ||
| 650 | 0 |
_aLiteratura Inglesa _989 |
|
| 650 | 0 |
_aMistério _942 |
|
| 650 | 0 |
_aSombrio _9178 |
|
| 650 | 0 |
_aPsicológico _985 |
|
| 650 | 0 |
_aClássicos _977 |
|
| 650 | 0 |
_aFilme _926 |
|
| 655 | 0 |
_aRomance _923 |
|
| 655 | 0 |
_aFicção _922 |
|
| 700 |
_aMarcia Heloisa _eTradução _9541 |
||
| 700 |
_aLuciana Vasconcelos _eIlustração _9542 |
||
| 942 |
_2ddc _n0 _cBK |
||
| 999 |
_c288 _d288 |
||